| 000 | nam a22 7a 4500 | ||
|---|---|---|---|
| 999 |
_c20834 _d20834 |
||
| 008 | 170120b xxu||||| |||| 00| 0 eng d | ||
| 050 | _aND 195 .C3 1970 | ||
| 100 | _aCalifornia, Santa Barbara. | ||
| 245 |
_aTrends in twentieth centuary art: _bA loan exhibition from the san francisco museum of art/ _cSanta Barbara California |
||
| 260 |
_aU.S.A: _bThe art galleries, _c1970. |
||
| 300 |
_a40p.: _bill.; _c24cm. |
||
| 942 |
_2lcc _cBOOKS _hND 195 .C3 1970 |
||